| Tag |
First Indicator |
Second Indicator |
Subfields |
| LEADER |
00000cam a22000007i 4500 |
| 001 |
in00004672813 |
| 006 |
m o d |
| 007 |
cr cnu|||unuuu |
| 008 |
221025s2020 cau o 000 0 eng d |
| 005 |
20260123213612.7 |
| 020 |
|
|
|z 9781492075929
|
| 035 |
|
|
|a (OCoLC)1348693711
|
| 037 |
|
|
|a 9781492075936
|b O'Reilly Media
|
| 040 |
|
|
|a ORMDA
|b eng
|e rda
|e pn
|c ORMDA
|d OCLCF
|
| 049 |
|
|
|a TXAM
|
| 050 |
|
4 |
|a QA76.76.O62
|
| 082 |
0 |
4 |
|a 005.3
|2 23/eng/20221025
|
| 100 |
1 |
|
|a Mihm, Arno,
|e author.
|
| 245 |
1 |
4 |
|a The InnerSource workbook /
|c Arno Mihm, Russell Rutledge, Johannes Tigges.
|
| 250 |
|
|
|a [First edition].
|
| 264 |
|
1 |
|a [Sebastopol, California] :
|b O'Reilly Media, Inc.,
|c [2020]
|
| 300 |
|
|
|a 1 online resource (67 pages)
|
| 336 |
|
|
|a text
|b txt
|2 rdacontent
|
| 337 |
|
|
|a computer
|b c
|2 rdamedia
|
| 338 |
|
|
|a online resource
|b cr
|2 rdacarrier
|
| 520 |
|
|
|a Questions and Answers from the InnerSource Learning Path.
|
| 650 |
|
0 |
|a Open source software.
|
| 650 |
|
0 |
|a Computer software
|x Development.
|
| 650 |
|
0 |
|a Information technology
|x Management.
|
| 650 |
|
7 |
|a Computer software
|x Development.
|2 fast
|0 (OCoLC)fst00872537
|
| 650 |
|
7 |
|a Information technology
|x Management.
|2 fast
|0 (OCoLC)fst00973112
|
| 650 |
|
7 |
|a Open source software.
|2 fast
|0 (OCoLC)fst01046097
|
| 700 |
1 |
|
|a Rutledge, Russell,
|e author.
|
| 700 |
1 |
|
|a Tigges, Johannes,
|e author.
|
| 856 |
4 |
0 |
|u https://proxy.library.tamu.edu/login?url=https://go.oreilly.com/TAMU/library/view/-/9781492075936/?ar
|z Connect to the full text of this electronic book
|t 0
|
| 955 |
|
|
|a Safari/O'Reilly ebooks
|
| 994 |
|
|
|a 92
|b TXA
|
| 999 |
f |
f |
|s ab67547c-3772-4e4d-bc4a-cba19ac4a581
|i 70d9fe88-ccbc-475e-9634-8af8cd7dc1b3
|t 0
|
| 952 |
f |
f |
|a Texas A&M University
|b College Station
|c Electronic Resources
|s www_evans
|d Available Online
|t 0
|e QA76.76.O62
|h Library of Congress classification
|
| 998 |
f |
f |
|a QA76.76.O62
|t 0
|l Available Online
|